Selling fear : (Record no. 10604)

MARC details
000 -LEADER
fixed length control field 00887cam a2200265 a 4500
001 - CONTROL NUMBER
control field 35110136
003 - CONTROL NUMBER IDENTIFIER
control field OCoLC
005 - DATE AND TIME OF LATEST TRANSACTION
control field 20210227165059.0
008 - FIXED-LENGTH DATA ELEMENTS--GENERAL INFORMATION
fixed length control field 960703s1997 miu b 001 0 eng
010 ## - LIBRARY OF CONGRESS CONTROL NUMBER
LC control number 96018779
020 ## - INTERNATIONAL STANDARD BOOK NUMBER
International Standard Book Number 0801057213
040 ## - CATALOGING SOURCE
Original cataloging agency DLC
Transcribing agency DLC
050 00 - LIBRARY OF CONGRESS CALL NUMBER
Classification number BT876
Item number C186S
082 00 - DEWEY DECIMAL CLASSIFICATION NUMBER
Classification number 277.3/082
Edition number 20
Item number C186S
100 1# - MAIN ENTRY--PERSONAL NAME
Personal name Camp, Gregory S.,
Dates associated with a name 1957-
245 10 - TITLE STATEMENT
Title Selling fear :
Remainder of title conspiracy theories and end-times paranoia /
Statement of responsibility, etc. Gregory S. Camp. ; foreword by Sherman S. Smith
260 ## - PUBLICATION, DISTRIBUTION, ETC.
Place of publication, distribution, etc. Grand Rapids, Mich. :
Name of publisher, distributor, etc. Baker Books,
Date of publication, distribution, etc. c1997
300 ## - PHYSICAL DESCRIPTION
Extent 287 p. ;
Dimensions 23 cm
504 ## - BIBLIOGRAPHY, ETC. NOTE
Bibliography, etc. note Includes bibliographical references (p. 261-282) and index
650 #0 - SUBJECT ADDED ENTRY--TOPICAL TERM
Topical term or geographic name entry element End of the world
General subdivision History of doctrines
650 #0 - SUBJECT ADDED ENTRY--TOPICAL TERM
Topical term or geographic name entry element Conspiracies
General subdivision History
650 #0 - SUBJECT ADDED ENTRY--TOPICAL TERM
Topical term or geographic name entry element Prophecy
General subdivision Christianity
650 #0 - SUBJECT ADDED ENTRY--TOPICAL TERM
Topical term or geographic name entry element History
General subdivision Religious aspects
-- Christianity
-- History of doctrines
942 ## - ADDED ENTRY ELEMENTS (KOHA)
Source of classification or shelving scheme Dewey Decimal Classification
Koha item type Books
Holdings
Withdrawn status Lost status Source of classification or shelving scheme Damaged status Not for loan Collection code Home library Current library Shelving location Date acquired Total Checkouts Full call number Barcode Date last seen Price effective from Koha item type
    Dewey Decimal Classification     Non-fiction Harvest Mission College Harvest Mission College General Stacks 05.03.2021   277.3 C186S 012321 05.03.2021 05.03.2021 Books

OPAC Designed and Maintained by HMC Library Team.
Copyright © HMC Library,Greater Noida, UP.
For any Suggestions/Query Contact library via Email:libhmc@gmail.com